|
|
|
|
| LEADER |
00000nab a2200000 a 4500 |
| 001 |
vtls008154214 |
| 003 |
SK-MaSNL |
| 005 |
20260303080542.0 |
| 008 |
140301c20050321xo dr|n|||||||000 b|slo |
| 015 |
|
|
|a SNBRB2005/05
|2 snkbucl
|
| 038 |
|
|
|a SNKBUCL
|
| 040 |
|
|
|a SNKBUCL
|b slo
|c SNKBUCL
|e AACR2
|
| 041 |
0 |
|
|a slo
|
| 044 |
|
|
|a xo
|c SK
|
| 080 |
|
|
|a 658.15:661:061.5(437.6)
|2 1997
|
| 080 |
|
|
|a 661:061.5(437.6)
|2 1997
|
| 100 |
1 |
|
|a Gossányi, Vojtech
|4 ivr
|4 aut
|9 274736
|
| 245 |
1 |
0 |
|a Biele miesta na chemických mapách vypĺňajú špeciality
|b generálny riaditeľ Nováckych chemických závodov Ľuboš Beňo pre HN
|c [zhováral sa] Vojtech Gossányi
|
| 610 |
2 |
7 |
|a Novácke chemické závody (Nováky, Slovensko)
|2 snkbucl
|9 36573
|
| 651 |
|
7 |
|a Prievidza (Slovensko)
|2 snkbucl
|9 25558
|
| 655 |
|
7 |
|a rozhovory
|2 snkbucl
|9 31831
|
| 700 |
1 |
|
|a Beňo, Ľuboš
|4 ive
|9 22825
|
| 773 |
0 |
|
|t Hospodárske noviny
|g Roč. XIII., č. 55 (21.3.2005)
|x 1335-4701
|
| 773 |
0 |
|
|t Biznis
|g S . 26
|
| 852 |
|
|
|a SNK
|b KIS3GCP
|
| 999 |
|
|
|c 1780949
|d 1782879
|